01335nam a2200373Ic 450000100060000000300100000600500170001600700030003300800410003602000180007704000350009504100080013008200180013810000550015624500770021125000220028826400400031030000500035033600270040033700330042733800280046049000290048850400390051752100530055665000220060965000240063165000310065565000300068665000580071665000290077494200120080399900170081595201290083260864CO-BoRNBP20260413204840.0ta210831r20162017sp a jr 000 0 spa d a9788499677965 aCO-BoRNBPbspaerdacCO-BoRNBP0 aspa04a909bI53h22210aÍñigo Fernández, Luis E.,d1966-eaut96964213aLa historia universal en 100 preguntas /cLuis E. Íñigo Fernández. aPrimera edición 1aMadird, España :bNowtilus,c2017 a350 páginas :bilustraciones, fotografías atextobtxt2rdacontent asin mediaciónbn2rdamedia avolumenbnc2rdacarrier0 a100 preguntas esenciales aIncluye referencia bibliográfica aRecomendado para un público mayor de 15 años07aCapitalismo2lemb17aGlobalizacion2lemb17aGuerra fría2lemb91128717aImperialismo2lemb91477817aRevolucioneszEuropaxLiteratura juvenil2lemb96964317aHistoria universal2lemb 2ddccBK c60864d60864 00102ddc40708GENaMEMAPJGAbMEMAPJGAcGENd2026-04-13l0o909 I53hpMPJG01168r2026-04-13 20:49:24tEj.1w2026-04-13yBK